00493nam a2200181Ia 4500003000400000005001700004008004100021020001800062040000700080041000800087082001300095100001900108245010000127260004300227300001600270365001300286650001200299OSt20220610114033.0210423s2005 xx 000 0 und d a81-85931-57-7 cAL aeng a512 TANA aTANDON (Rajat) aAlgebra and number theory: proceedings of the silver jubilee conference university of Hyderabad aNew DelhibHindustan Book Agencyc2005 axii,399bHB b550cINR aAlgebra